Complete the Card - WWE No Mercy 2002 - Statistics

General Stats
  • This quiz has been taken 257 times
  • The average score is 17 of 20
Answer Stats
Answer % Correct
Triple H
99%
Kurt Angle
98%
Chris Benoit
97%
Edge
97%
Kane
97%
The Undertaker
97%
Trish Stratus
97%
Brock Lesnar
95%
Chris Jericho
92%
Christian
92%
Rey Mysterio
91%
Booker T
81%
Rob Van Dam
81%
Torrie Wilson
81%
Goldust
78%
Tajiri
76%
Victoria
76%
Jamie Noble
75%
Ric Flair
70%
Dawn Marie
62%
No matching quizzes found
Score Distribution
Percent of People with Each Score
Percentile by Number Answered
Your Score History
You have not taken this quiz